Alex Rodriguez : (Record no. 589461)

MARC details
000 -LEADER
fixed length control field 00426nam a2200181 a 4500
008 - FIXED-LENGTH DATA ELEMENTS--GENERAL INFORMATION
fixed length control field 250924s2009##################000#0#eng##
020 ## - INTERNATIONAL STANDARD BOOK NUMBER
ISBN 9781422204887
082 04 - DEWEY DECIMAL CLASSIFICATION NUMBER
Classification number 796.357092
Item number ROD
100 1# - MAIN ENTRY--AUTHOR NAME
Personal name Clark, Travis,
245 10 - TITLE STATEMENT
Title Alex Rodriguez :
260 ## - PUBLICATION, DISTRIBUTION, ETC. (IMPRINT)
Year of publication 2009.
650 #0 - SUBJECT ADDED ENTRY--TOPICAL TERM
Topical Term Baseball players.
942 ## - ADDED ENTRY ELEMENTS (KOHA)
Koha item type English Books
Holdings
Withdrawn status Lost status Damaged status Not for loan Home library Current library Shelving location Date acquired Full call number Accession Number Price effective from Koha item type
        Anna Centenary Library Anna Centenary Library 6TH FLOOR, B WING 24.09.2025 796.357092 ROD 439892 24.09.2025 English Books

Find us on the map